Schepping en koninkrijk: Een studie over de theologie van Dr. O(epke) Noordmans. Door Gerrit Jan Paul

Saved in:  
Bibliographic Details
Main Author: Paul, Gerrit Jan (Author)
Contributors: Noordmans, Oepke 1871-1956 (Other)
Format: Print Book
Language:Undetermined language
Subito Delivery Service: Order now.
Check availability: HBZ Gateway
WorldCat: WorldCat
Interlibrary Loan:Interlibrary Loan for the Fachinformationsdienste (Specialized Information Services in Germany)
Published: Wageningen Veenman & Zonen 1959
In:Year: 1959

MARC

LEADER 00000cam a22000002c 4500
001 414300181
003 DE-627
005 20250327135508.0
007 tu
008 990101s1959 xx ||||| 00| ||und c
035 |a (DE-627)414300181 
035 |a (DE-599)GBV414300181 
035 |a (OCoLC)250206530 
040 |a DE-627  |b ger  |c DE-627  |e rakwb 
084 |a 1  |2 ssgn 
100 1 |0 (DE-627)1250286298  |0 (DE-576)180286293  |4 aut  |a Paul, Gerrit Jan 
109 |a Paul, Gerrit Jan  |a Paul, G. J. 
245 1 0 |a Schepping en koninkrijk  |b Een studie over de theologie van Dr. O(epke) Noordmans. Door Gerrit Jan Paul 
264 1 |a Wageningen  |b Veenman & Zonen  |c 1959 
300 |a 235 S. 8" 
336 |a Text  |b txt  |2 rdacontent 
337 |a ohne Hilfsmittel zu benutzen  |b n  |2 rdamedia 
338 |a Band  |b nc  |2 rdacarrier 
500 |a Groningen, Theol. F., Diss. v. 1.6.1959 
601 |a Theologie 
700 1 |0 (DE-588)119009455  |0 (DE-627)079794432  |0 (DE-576)210693487  |4 oth  |a Noordmans, Oepke  |d 1871-1956 
951 |a BO 
ELC |b 1 
ORI |a SA-MARC-ixtheo_oa001.raw